LEADER 01015nam0-22003371i-450- 001 990008107330403321 005 20080222133808.0 010 $a1-56518-074-7 020 $aIT 035 $a000810733 035 $aFED01000810733 035 $a(Aleph)000810733FED01 035 $a000810733 100 $a20050509d2004----km-y0itay50------ba 101 0 $aeng 102 $aUS 105 $a--------001yy 200 1 $aHuman love$eits meaning and scope$ea Phenomenology of Gift and Encounter$fby Alfonso Lopez Quintas 210 $aWashington$cThe Council for research in values and philosophy$d2004 215 $aVI, 176 p.$d23 cm 225 1 $aCultural heritage and contemporary change$hSeries 1.$iCulture and values$v15 610 0 $aAmore 676 $a177.7 700 1$aLopez Quintas,$bAlfonso$0497643 801 0$aIT$bUNINA$c20050509$gRICA$2UNIMARC 901 $aBK 912 $a990008107330403321 952 $aP.1 FRM 820$fFLFBC 959 $aFLFBC 996 $aHuman love$9757469 997 $aUNINA LEADER 02057nam 2200589 450 001 9910466096403321 005 20200520144314.0 010 $a1-60491-609-5 035 $a(CKB)3710000000635263 035 $a(EBL)4514581 035 $a(MiAaPQ)EBC4514581 035 $a(CaSebORM)9781604916096 035 $a(Au-PeEL)EBL4514581 035 $a(CaPaEBR)ebr11206195 035 $a(OCoLC)950463655 035 $a(EXLCZ)993710000000635263 100 $a20160519h20162016 uy 0 101 0 $aeng 135 $aur|n|---||||| 181 $2rdacontent 182 $2rdamedia 183 $2rdacarrier 200 10$aManage your boss /$fJonathan Vehar 205 $a1st edition 210 1$a[Greensboro, North Carolina] :$cCenter for Creative Leadership,$d2016. 210 4$dİ2016 215 $a1 online resource (64 p.) 225 0 $aIdeas Into Action Series 300 $aDescription based upon print version of record. 311 $a1-60491-718-0 311 $a1-60491-608-7 320 $aIncludes bibliographical references. 327 $aCONTENTS; WHAT IS "Managing Your Boss"?; WORKING ACROSS Boundaries; WHY IS Managing Your Boss Important?; THE PROBLEMS WITH Managing Your Boss; WHAT DOE SMY BOSS NEED TO DO in Order to Succeed?; STRATEGIES FOR Managing Your Boss; POINt Discussion Guide; CONCLUSION; BACKGROUND; SUGGESTED RESOURCES; ABOUT THE CENTER FOR CREATIVE LEADERSHIP 330 $aThe relationship between you and your boss is important in determining your success at work. 606 $aSupervisors 606 $aEmployees 606 $aInterpersonal relations 606 $aBusiness communication 608 $aElectronic books. 615 0$aSupervisors. 615 0$aEmployees. 615 0$aInterpersonal relations. 615 0$aBusiness communication. 676 $a658.302 700 $aVehar$b Jonathan$0976492 801 0$bMiAaPQ 801 1$bMiAaPQ 801 2$bMiAaPQ 906 $aBOOK 912 $a9910466096403321 996 $aManage your boss$92224439 997 $aUNINA